[Event "Najdorf op"]
[Site "Buenos Aires"]
[Date "1998.10.26"]
[Round "3"]
[White "Cruz, Filemon"]
[Black "Larsen, Bent"]
[Result "1-0"]
[WhiteElo "2360"]
[BlackElo "2495"]

1.d4 Nf6 2.c4 e6 3.Nf3 Bb4+ 4.Nbd2 O-O 5.a3 Bxd2+ 6.Qxd2 d6 7.Qc2 Nbd7 8.e3 e5
9.Be2 Re8 10.O-O e4 11.Nd2 c5 12.dxc5 dxc5 13.b4 b6 14.Bb2 Bb7 15.Nb3 Qc7
16.bxc5 bxc5 17.Rfd1 Rab8 18.Nd2 Bc6 19.Nf1 Ba4 20.Qxa4 Rxb2 21.Rd2 Reb8
22.Rad1 Nf8 23.Ng3 g6 24.Bf1 Ne6 25.h3 h5 26.Ne2 Qe5 27.Rxb2 Qxb2 28.Qxa7 Rb3
29.Nf4 Nxf4 30.exf4 e3 31.fxe3 Rxa3 32.Rd8+ Kg7 33.Qxc5 Qf2+ 34.Kh2  1-0

[Event "Najdorf op"]
[Site "Buenos Aires"]
[Date "1998.10.30"]
[Round "7"]
[White "Urday, Henry"]
[Black "Iacobacci, Eduardo"]
[Result "1-0"]
[WhiteElo "2475"]
[BlackElo "2200"]

1.d4 Nf6 2.Nf3 e6 3.c4 Bb4+ 4.Nbd2 O-O 5.a3 Bxd2+ 6.Bxd2 d6 7.Bg5 h6 8.Bh4 Nbd7
9.e3 c5 10.Bd3 e5 11.dxe5 dxe5 12.Nd2 Qb6 13.Qc2 Qc6 14.Ne4 b6 15.O-O-O Bb7
16.Nd6 e4 17.Be2 Rfd8 18.Qc3 Nf8 19.Nxb7 Qxb7 20.Bxf6 gxf6 21.Qxf6 Rxd1+
22.Rxd1 Ng6 23.Bh5 Qe7 24.Qf5 Nf8 25.Rd5 f6 26.h4 Kg7 27.Bg6 Rd8 28.Qxe4  1-0

[Event "Wch U18"]
[Site "Oropesa del Mar"]
[Date "1998.11.04"]
[Round "9"]
[White "Doettling, Fabian"]
[Black "Mateuta, Gabriel"]
[Result "1-0"]
[WhiteElo "2360"]
[BlackElo "2390"]

1.d4 Nf6 2.Nf3 e6 3.c4 Bb4+ 4.Nbd2 d5 5.a3 Be7 6.e3 O-O 7.b4 a5 8.b5 b6 9.cxd5 exd5
10.Qc2 Nbd7 11.Bb2 Bb7 12.Bd3 Bd6 13.Ne5 Bxe5 14.dxe5 Ne4 15.Bd4 f5 16.exf6 Ndxf6
17.Nxe4 Nxe4 18.O-O Kh8 19.f3 Ng5 20.f4 Ne4 21.Bxe4 dxe4 22.Rad1 Qe7 23.f5 Rf7
24.Qc3 Qe8 25.f6 g6 26.Qxc7 Bd5 27.a4 Bb3 28.Ra1 Rb8 29.Qd6 Kg8 30.Bxb6 Rd7
31.Qa3 Bc4 32.Rfc1 Rxb6 33.Rxc4 Rxf6 34.Qc3 Qf7 35.Rc8+ Kg7 36.Rf1  1-0

[Event "GER-ch"]
[Site "Bremen"]
[Date "1998.11.07"]
[Round "2"]
[White "Boensch, Uwe"]
[Black "Lutz, Christopher"]
[Result "1/2-1/2"]
[WhiteElo "2530"]
[BlackElo "2600"]

1.Nf3 Nf6 2.d4 e6 3.c4 Bb4+ 4.Nbd2 O-O 5.a3 Be7 6.g3 d5 7.Bg2 b6 8.O-O Bb7
9.b4 Nbd7 10.c5 a5 11.Bb2 axb4 12.axb4 Rxa1 13.Qxa1 Qa8 14.Qxa8 Rxa8 15.Ra1 Rxa1+
16.Bxa1 Ne4 17.e3 Nxd2 18.Nxd2 Bf6 19.cxb6 cxb6 20.b5 Be7 21.Nb1 Nf6  1/2-1/2

[Event "SLO-chT"]
[Site "Bled"]
[Date "1998.11.09"]
[Round "3"]
[White "Kozul, Zdenko"]
[Black "Hulak, Krunoslav"]
[Result "1/2-1/2"]
[WhiteElo "2570"]
[BlackElo "2520"]

1.d4 Nf6 2.c4 e6 3.Nf3 Bb4+ 4.Nbd2 b6 5.a3 Bxd2+ 6.Qxd2 Bb7 7.e3 d6 8.Be2 a5
9.b3 Nbd7 10.Bb2 Qe7 11.O-O O-O 12.Ng5 c5 13.f3 cxd4 14.exd4 d5 15.a4 Rfc8
16.Ba3 Qd8 17.Rac1 h6 18.Nh3 Ba6 19.Rfd1 Rc7 20.Nf4 Nf8 21.cxd5 Bxe2 22.Qxe2 Rxc1
23.Rxc1 Nxd5 24.Nxd5 Qxd5 25.Qe4 Qd8 26.Be7 Qe8 27.Qb7 Rb8 28.Qc7 b5 29.Bd6 Ra8
30.Bxf8 Kxf8 31.Qc5+ Kg8 32.Qxb5 Qd8 33.Qc5 Rb8 34.Rc3 Kh7 35.h3 Rb7 36.Kh1 Rd7
37.Rc4 Rd5 38.Qa7 Qf6 39.Rc7 Kg6 40.Rd7 Qf4 41.Rxd5 Qc1+ 42.Kh2 Qf4+ 43.Kg1 Qc1+
44.Kf2 Qd2+ 45.Kg3 exd5 46.Qc5 Qg5+ 47.Kh2 Qf4+ 48.Kh1 f5 49.Qc3 h5 50.Kg1 h4
51.Kf1 Kh5 52.Kf2 Qg3+ 53.Kg1 Qf4 54.Kf1 Kg6 55.Qc6+ Kh7 56.Qxd5 Qd2  1/2-1/2

[Event "Young Masters 6th"]
[Site "Loures"]
[Date "1998.12.07"]
[Round "6"]
[White "Damaso, Rui"]
[Black "Vasallo, Mauricio"]
[Result "1/2-1/2"]
[WhiteElo "2430"]
[BlackElo "2400"]

1.d4 Nf6 2.Nf3 e6 3.c4 Bb4+ 4.Nbd2 b6 5.e3 Bb7 6.Bd3 O-O 7.O-O c5 8.dxc5 Bxc5
9.a3 a5 10.b3 d5 11.Bb2 dxc4 12.Nxc4 Nbd7  1/2-1/2

[Event "BRA-ch"]
[Site "Itabirito"]
[Date "1998.12.11"]
[Round "2.1"]
[White "Vescovi, Giovanni"]
[Black "Rodrigues, Adriano Pfuhl"]
[Result "1-0"]
[WhiteElo "2525"]
[BlackElo "2295"]

1.d4 Nf6 2.Nf3 e6 3.c4 Bb4+ 4.Nbd2 O-O 5.a3 Bxd2+ 6.Bxd2 Ne4 7.g3 d6 8.Bg2 Nd7
9.O-O f5 10.Bc1 Qe7 11.b4 a5 12.Bb2 Ndf6 13.b5 b6 14.a4 Bb7 15.Rc1 Rad8 16.e3 Ba8
17.Ne1 Nd7 18.Nd3 g5 19.f3 Nef6 20.Qe2 e5 21.dxe5 dxe5 22.e4 fxe4 23.fxe4 Nc5
24.Nxe5 Nxa4 25.Ba1 Nc5 26.Rxf6 Rxf6 27.Ng4 Rfd6 28.Rf1 Rf8 29.e5 Rxf1+ 30.Qxf1 Bxg2
31.exd6 Bxf1 32.dxe7 Kf7 33.Kxf1 Nb3 34.Bf6 Nd2+ 35.Ke2 Ne4 36.Kd3 Nc5+ 37.Kc2 Ne6
38.Nh6+ Ke8 39.Nf5 g4 40.Nh6  1-0

[Event "BRA-ch"]
[Site "Itabirito"]
[Date "1998.12.14"]
[Round "3.4"]
[White "Matsuura, Everaldo"]
[Black "Leitao, Rafael"]
[Result "0-1"]
[WhiteElo "2400"]
[BlackElo "2550"]

1.d4 Nf6 2.c4 e6 3.Nf3 Bb4+ 4.Nbd2 d5 5.e3 O-O 6.Bd3 b6 7.O-O Bb7 8.a3 Be7
9.Qc2 Nbd7 10.e4 dxe4 11.Nxe4 c5 12.Rd1 Qc7 13.Bg5 h6 14.Bh4 Nxe4 15.Bxe7 Rfe8
16.Bh4 Nef6 17.Bg3 Qc8 18.d5 exd5 19.cxd5 Bxd5 20.Bf5 Be4 21.Bxe4 Nxe4 22.Bf4 Qb7
23.Nh4 Re6 24.Nf5 Nf8 25.f3 Nf6 26.Qd2 Ng6 27.Bxh6 gxh6 28.Qxh6 Ne8 29.Rac1 Qc7
30.Re1 Qd7 31.Qg5 Ng7 32.Nh6+ Kf8 33.Rxe6 Qxe6 34.Rd1 Qe7 35.Qd5 Re8 36.Ng4 Ne6
37.Qh5 Qh4 38.Qf5 Rd8 39.Rf1 Qg5 40.Qe4 Qd5 41.Qe2 Qd2 42.Qb5 Nef4 43.Rf2 Qc1+
44.Rf1 Rd1 45.g3 Rxf1+ 46.Qxf1 Qxf1+ 47.Kxf1 Nd3 48.b3 Nge5  0-1

[Event "BRA-ch"]
[Site "Itabirito"]
[Date "1998.12.14"]
[Round "3.3"]
[White "Leitao, Rafael"]
[Black "Matsuura, Everaldo"]
[Result "1-0"]
[WhiteElo "2550"]
[BlackElo "2400"]

1.d4 e6 2.c4 Bb4+ 3.Nd2 Nf6 4.Nf3 O-O 5.a3 Bxd2+ 6.Bxd2 b6 7.Bg5 Bb7 8.e3 d6
9.Qc2 Nbd7 10.Rd1 Qe7 11.Be2 Rae8 12.Bh4 h6 13.d5 e5 14.Nd2 Bc8 15.O-O g5
16.Bg3 Kg7 17.e4 Nxe4 18.Nxe4 f5 19.Nd2 f4 20.Bh5 Rd8 21.Qg6+ Kh8 22.Qxh6+ Qh7
23.Qxg5 fxg3 24.fxg3 Qg7 25.Ne4 Nc5 26.Qxg7+ Kxg7 27.Nxc5 bxc5 28.Rxf8 Rxf8
29.Rf1 Ba6 30.Rxf8 Kxf8 31.Be2 Kg7 32.Kf2 Kf6 33.Ke3 Bc8 34.h4 Bd7 35.g4 a5
36.g5+ Kg6 37.g4 Bc8 38.Bd3+ Kg7 39.Bf5 Ba6 40.Kd3  1-0

[Event "Gudmundur Arason op 4th"]
[Site "Hafnarfjordur"]
[Date "1998.12.16"]
[Round "3"]
[White "Akesson, Ralf"]
[Black "Yemelin, Vasily"]
[Result "1/2-1/2"]
[WhiteElo "2510"]
[BlackElo "2510"]

1.d4 Nf6 2.c4 e6 3.Nf3 Bb4+ 4.Nbd2 d6 5.e3 Nc6 6.Bd3 O-O 7.e4 e5 8.d5 Ne7
9.a3 Bxd2+ 10.Bxd2 Ng6 11.h3 Nf4 12.Bxf4 exf4 13.Qd2 Nxe4 14.Bxe4 Re8 15.Qxf4 f5
16.Nd2 fxe4 17.O-O Qf6 18.Qxf6 gxf6 19.Rfe1 f5 20.Rac1 Bd7 21.f4 exf3 22.Nxf3 Kf7
23.Kf2  1/2-1/2

[Event "AUT-chT2O 9798"]
[Site "Austria"]
[Date "1998.??.17"]
[Round "8"]
[White "Pingitzer, Harald"]
[Black "Rumpl, Erwin"]
[Result "1-0"]
[WhiteElo "2345"]
[BlackElo "2190"]

1.Nf3 Nf6 2.d4 e6 3.c4 Bb4+ 4.Nbd2 O-O 5.a3 Be7 6.e4 d5 7.e5 Ne4 8.Bd3 Nxd2
9.Bxd2 dxc4 10.Bxc4 Nd7 11.h4 c5 12.Bd3 f5 13.Ng5 Nb6 14.Qh5 h6 15.Qg6 Bxg5
16.hxg5 Qxd4 17.gxh6 Qxe5+ 18.Kf1 Nd5 19.hxg7 Qxg7 20.Qxg7+ Kxg7 21.Bh6+ Kf7
22.Bxf8 Kxf8 23.Rd1 Ne7 24.Rh7 Nc6 25.b4  1-0

[Event "Regionalliga SW9798"]
[Site "Bayern"]
[Date "1998.??.??"]
[Round "?"]
[White "Klinger, Thomas"]
[Black "Weinberger, Wolfgang"]
[Result "1/2-1/2"]
[WhiteElo "1990"]
[BlackElo "2015"]

1.d4 Nf6 2.c4 e6 3.Nf3 Bb4+ 4.Nbd2 Nc6 5.a3 Bxd2+ 6.Qxd2 d6 7.Qc2 e5 8.dxe5 dxe5
9.g3 e4 10.Ng5 Qe7 11.Bg2 Nd4 12.Qc3 c5 13.Be3 Nf5 14.O-O O-O 15.Nh3 Ng4
16.Nf4 Nfxe3 17.fxe3 f5 18.Nd5 Qg5  1/2-1/2

[Event "Berliner Sommer 16th"]
[Site "Berlin"]
[Date "1998.??.??"]
[Round "3"]
[White "Hertneck, Gerald"]
[Black "Beckemeier, Werner"]
[Result "1-0"]
[WhiteElo "2555"]
[BlackElo "2385"]

1.d4 Nf6 2.c4 e6 3.Nf3 Bb4+ 4.Nbd2 d6 5.g3 Nbd7 6.Bg2 e5 7.O-O Bxd2 8.Bxd2 O-O
9.Qc2 Qe7 10.e4 c5 11.d5 Nh5 12.Rab1 g6 13.Bh6 Re8 14.Nd2 Ndf6 15.Bg5 Qf8
16.f4 Ng4 17.f5 f6 18.fxg6 hxg6 19.h3 Nh6 20.g4 Nf7 21.Be3 Nf4 22.Bxf4 exf4
23.Rxf4 Ne5 24.Rbf1 Qh6 25.Qc3 f5 26.gxf5 gxf5 27.exf5 Kf7 28.Ne4  1-0

[Event "Biel op"]
[Site "Biel"]
[Date "1998.??.??"]
[Round "5"]
[White "Joksic, Sinisa"]
[Black "Barbero, Gerardo F"]
[Result "0-1"]
[WhiteElo "2335"]
[BlackElo "2440"]

1.d4 Nf6 2.c4 e6 3.Nf3 Bb4+ 4.Nbd2 b6 5.a3 Bxd2+ 6.Bxd2 Bb7 7.b4 Ne4 8.e3 O-O
9.Be2 f5 10.h4 d6 11.a4 Nd7 12.a5 Rb8 13.Qc2 Ndf6 14.axb6 axb6 15.Ra7 Ng4
16.O-O h6 17.Bc1 Rf7 18.Bd3 c5 19.bxc5 bxc5 20.Rxb7 Rbxb7 21.Bxe4 fxe4 22.Qxe4 Nf6
23.Qxe6 Re7 24.Qh3 Ne4 25.dxc5 dxc5 26.Bb2 Nd2 27.Rd1 Rd7 28.Ne5 Nf3+ 29.gxf3 Rxd1+
30.Kg2 Rf6 31.h5 Rb1 32.Ba3 Qd1 33.Kg3 Qg1+ 34.Qg2 Rf5 35.f4 Rxh5 36.Bxc5 Qxg2+
37.Kxg2 Rf5 38.Bd4 Rc1 39.c5 Rf8 40.Kf3 Rc8 41.Nd3 Rg1 42.f5 Rf8 43.e4 Rd8
44.Ke3 Rd1 45.c6 Rc8 46.Ne5 h5 47.Ng6 Kh7 48.Nf4 h4 49.f6 Kg8 50.fxg7 Rxc6
51.Be5 Kf7 52.Kf3 Rg1 53.Nh3 Rgg6 54.Kf4 Rc2 55.Kf5 Rg2 56.Ng5+ Rxg5+ 57.Kxg5 Rc5
58.f4 h3  0-1

[Event "Bled op"]
[Site "Bled"]
[Date "1998.??.??"]
[Round "5"]
[White "Medancic, Rikard"]
[Black "Turner, Jan"]
[Result "1-0"]
[WhiteElo "2300"]
[BlackElo "2300"]

1.d4 Nf6 2.c4 e6 3.Nf3 Bb4+ 4.Nbd2 O-O 5.g3 b6 6.Bg2 Bb7 7.O-O h6 8.Qc2 Bxd2
9.Bxd2 Be4 10.Qa4 d6 11.Rfd1 Nbd7 12.Rac1 a5 13.Bc3 Qe7 14.Bf1 Rfe8 15.Nd2 Bb7
16.Qc2 e5 17.d5 Bc8 18.e4 Nc5 19.Bg2 Bd7 20.b3 b5 21.Bxa5 Rxa5 22.b4 bxc4
23.bxa5 Ba4 24.Qxc4 Bxd1 25.Rxd1 Ra8 26.Qb5 Qd8 27.Rb1 Nfd7 28.Bf1 Rb8 29.Qe2 Rxb1
30.Nxb1 Qb8 31.Qb5 Qa7 32.Nd2 Nf6 33.a6 Kh7 34.Qe2 Nfd7 35.Nb3 Qb6 36.Qc4 Kg8
37.Nxc5 Nxc5 38.Qb5 Qa7 39.Qe8+ Kh7 40.Qxf7 Nxa6  1-0

[Event "Cupa Dinamo"]
[Site "Brasov"]
[Date "1998.??.??"]
[Round "2"]
[White "Rogozenko, Dorin"]
[Black "Negulescu, Adrian"]
[Result "1/2-1/2"]
[WhiteElo "2495"]
[BlackElo "2445"]

1.d4 Nf6 2.c4 e6 3.Nf3 Bb4+ 4.Nbd2 d5 5.a3 Be7 6.e3 b6 7.Qa4+ c6 8.Qc2 O-O
9.Bd3 h6 10.O-O Nbd7 11.e4 dxe4 12.Nxe4 Nxe4 13.Bxe4 Qc7 14.b4 Bb7 15.c5 a5
16.Rb1 axb4 17.axb4 bxc5 18.bxc5 Ba6 19.Re1 Rfb8 20.Rxb8+ Rxb8 21.g3 Ra8
22.Bf4 Qb7 23.Bh7+ Kh8 24.d5 Nxc5 25.Ne5 Bf6 26.Qxc5 Kxh7 27.dxc6 Qb5 28.Qxb5 Bxb5
29.c7 Bxe5 30.Bxe5 f6 31.Bd6 Bd7 32.Rc1 Kg6  1/2-1/2

[Event "Bucharest Fest GM"]
[Site "Bucharest"]
[Date "1998.??.??"]
[Round "?"]
[White "Ionescu, Constantin"]
[Black "Itkis, Boris"]
[Result "1-0"]
[WhiteElo "2515"]
[BlackElo "2465"]

1.d4 Nf6 2.c4 e6 3.Nf3 Bb4+ 4.Nbd2 b6 5.g3 Bb7 6.Bg2 O-O 7.a3 Be7 8.O-O c5
9.b3 cxd4 10.Bb2 Qc7 11.Bxd4 d5 12.cxd5 Bxd5 13.Qb1 Qb7 14.Re1 Ne4 15.Nxe4 Bxe4
16.Ng5  1-0

[Event "Primavara"]
[Site "Bucharest"]
[Date "1998.??.??"]
[Round "12"]
[White "Vajda, Albert"]
[Black "Itkis, Boris"]
[Result "1/2-1/2"]
[WhiteElo "2400"]
[BlackElo "2460"]

1.d4 Nf6 2.Nf3 e6 3.c4 Bb4+ 4.Nbd2 b6 5.e3 Bb7 6.Bd3 O-O 7.O-O d5 8.Qe2 Nbd7
9.a3 Be7 10.b3 c5 11.Bb2 cxd4 12.Nxd4 dxc4 13.Bxc4 Nc5 14.Rfd1 a6 15.N2f3 Qb8
16.a4 Nce4 17.Rac1 Bd6  1/2-1/2

[Event "Budapest Nyar op"]
[Site "Budapest"]
[Date "1998.??.??"]
[Round "5"]
[White "Namgilov, Sogto"]
[Black "Majzik, Levente"]
[Result "1-0"]
[WhiteElo "2430"]
[BlackElo "2280"]

1.Nf3 e6 2.c4 Nf6 3.d4 Bb4+ 4.Nbd2 O-O 5.e3 d6 6.Be2 Ne4 7.O-O Nxd2 8.Nxd2 d5
9.c5 c6 10.Nb3 Ba5 11.Nxa5 Qxa5 12.Bd2 Qc7 13.b4 e5 14.Bc3 e4 15.Rb1 Re8
16.a4 Re6 17.b5 Rh6 18.g3 Qd7 19.f4 Rxh2 20.Bg4 f5 21.Kxh2 fxg4 22.f5 Qf7
23.Qxg4 Nd7 24.Kg2 Nf6 25.Qh4 h5 26.Qf4 Bd7 27.Ba5 Ng4 28.Bc7 Bxf5 29.bxc6 bxc6
30.Kg1 Qd7 31.Rb8+ Rxb8 32.Bxb8 Qb7 33.Qxf5 Qxb8 34.Qf7+ Kh7 35.Qxh5+ Nh6
36.Kg2 Qb3 37.g4 Qc2+ 38.Rf2 Qd1 39.Qh3 Kg6 40.Qh5+ Kh7 41.Qh4 Kg8 42.Rf4 Nf7
43.Qf2 g5 44.Rf6 Qxg4+ 45.Qg3 Qd1 46.Rf2 Kg7 47.Qh3 a5 48.Qd7 Qh5 49.Qf5 Kg8
50.Qh3 Qd1 51.Kh2 Kg7 52.Qf5 Qh5+ 53.Kg1 Kg8 54.Rf1 Kg7 55.Kf2 Qh4+ 56.Ke2 Qh5+
57.Kd2 Qg6 58.Qxg6+ Kxg6 59.Rb1 g4 60.Rb6 g3 61.Rxc6+ Kf5 62.Ke2 Kg5 63.Kf1  1-0

[Event "ARG-ch sf"]
[Site "Buenos Aires"]
[Date "1998.??.??"]
[Round "6"]
[White "Sorin, Ariel"]
[Black "Giaccio, Alfredo"]
[Result "1/2-1/2"]
[WhiteElo "2460"]
[BlackElo "2460"]

1.d4 Nf6 2.c4 e6 3.Nf3 Bb4+ 4.Nbd2 d5 5.Qa4+ Nc6 6.a3 Bxd2+ 7.Bxd2 Ne4 8.e3 O-O
9.Bd3 e5 10.cxd5 Qxd5 11.Bc4 Qd6 12.d5 Nxd2 13.Nxd2 Ne7 14.Qb4 Qxb4 15.axb4 Rd8
16.Nf3 Nxd5 17.Nxe5 Be6 18.b5  1/2-1/2

[Event "Moravia-chT 9899"]
[Site "CZE"]
[Date "1998.??.??"]
[Round "4"]
[White "Holemar, David"]
[Black "Saljova, Silvie"]
[Result "1-0"]
[WhiteElo "2210"]
[BlackElo "2195"]

1.d4 Nf6 2.c4 e6 3.Nf3 Bb4+ 4.Nbd2 d6 5.a3 Bxd2+ 6.Bxd2 Qe7 7.Bg5 e5 8.e3 O-O
9.Be2 a5 10.O-O Re8 11.Re1 Nc6 12.Qc2 Bg4 13.d5 Nb8 14.Nd2 Bxe2 15.Rxe2 h6
16.Bxf6 Qxf6 17.c5 dxc5 18.Ne4 Qe7 19.Nxc5 b6 20.Ne4 f5 21.Nc3 e4 22.Nb5 Na6
23.Qc6 Qc5 24.Qxc5 bxc5 25.d6 c6 26.Nc7 Nxc7 27.dxc7 Rec8 28.Rc1 Rxc7 29.Rxc5 g6
30.h4 a4 31.Rec2 Ra6 32.h5 Kg7 33.Kh2 Kf6 34.hxg6 Kxg6 35.Kg3 Kg5 36.R2c4 Rb7
37.Rxe4 Rxb2 38.Re6  1-0

[Event "Moravia-chT 9798"]
[Site "CZE"]
[Date "1998.??.??"]
[Round "10.2"]
[White "Velicka, Petr"]
[Black "Saljova, Silvie"]
[Result "1-0"]
[WhiteElo "2430"]
[BlackElo "2220"]

1.d4 Nf6 2.c4 e6 3.Nf3 Bb4+ 4.Nbd2 O-O 5.a3 Bxd2+ 6.Bxd2 d6 7.Bg5 h6 8.Bh4 Qe7
9.e3 e5 10.Be2 Nbd7 11.O-O g5 12.Bg3 Ne4 13.Nd2 Nxg3 14.hxg3 f5 15.b4 Nf6
16.Re1 Qh7 17.Qc2 Bd7 18.Rad1 a5 19.dxe5 dxe5 20.Qb2 axb4 21.axb4 Qe7 22.c5 Rfe8
23.Ra1 Rxa1 24.Rxa1 b6 25.Rc1 Ra8 26.cxb6 cxb6 27.Nc4 Ra4 28.Rb1 b5 29.Nxe5 Be8
30.Qd4 Ne4 31.Bf3 Nf6 32.Nc6 Qe6 33.Qc5 Ne4 34.Ne7+ Kf8 35.Bxe4 fxe4 36.Nf5+ Kg8
37.Rd1 Bd7 38.g4 Ra2  1-0

[Event "Decin op-A"]
[Site "Decin"]
[Date "1998.??.??"]
[Round "2"]
[White "Solodovnichenko, Yuri"]
[Black "Galianina, Julia"]
[Result "1-0"]
[WhiteElo "2415"]
[BlackElo "2295"]

1.d4 Nf6 2.c4 e6 3.Nf3 Bb4+ 4.Nbd2 b6 5.a3 Bxd2+ 6.Bxd2 Bb7 7.g3 O-O 8.Bg2 d6
9.O-O Qc8 10.b4 c5 11.dxc5 dxc5 12.Bc3 cxb4 13.axb4 Qxc4 14.Bxf6 gxf6 15.Ne5 Qc7
16.Ng4 Bxg2 17.Nxf6+ Kg7 18.Qd4 e5 19.Qh4 Qc2 20.Nh5+ Kg6 21.Qg4+ Kh6 22.Qg7+ Kxh5
23.g4+ Kh4 24.Qh6+ Kxg4 25.f3+  1-0

[Event "Dieren op"]
[Site "Dieren"]
[Date "1998.??.??"]
[Round "7"]
[White "De Niet, Gert Michiel"]
[Black "Dekker, Theo"]
[Result "1-0"]
[WhiteElo "2210"]
[BlackElo "2215"]

1.d4 Nf6 2.c4 e6 3.Nf3 Bb4+ 4.Nbd2 b6 5.a3 Bxd2+ 6.Bxd2 Bb7 7.Bg5 d6 8.e3 Nbd7
9.Be2 O-O 10.O-O h6 11.Bh4 c5 12.h3 Qe7 13.Rc1 Rfe8 14.b4 e5 15.Re1 Rad8
16.Nh2 d5 17.Ng4 exd4 18.exd4 dxc4 19.dxc5 Nxc5 20.Bxf6 Rxd1 21.Bxe7 Rxc1
22.Rxc1 Rxe7 23.Bxc4 Ne4 24.Rd1 h5 25.Rd8+ Kh7 26.Ne3 g6 27.a4 Nc3 28.a5 bxa5
29.bxa5 Bc6 30.a6 Rc7 31.Rb8 Kg7 32.f3 Kf6 33.Rb3 Na4 34.Bd5 Ke5 35.Bc4 Nc5
36.Rb8 Kd4 37.Kf2 Nd3+ 38.Ke2 Nc1+ 39.Kd2 Re7 40.Rd8+ Rd7 41.Rxd7+ Bxd7 42.Bxf7 Ba4
43.Nc2+ Bxc2 44.Kxc2 Ne2 45.Kd2 Nf4 46.g3 Nxh3 47.Bxg6 Ng5 48.Bxh5 Kc5 49.Ke3  1-0

[Event "Centrocoop Sept op-A"]
[Site "Eforie Nord"]
[Date "1998.??.??"]
[Round "?"]
[White "Nutiu, Mihail"]
[Black "Seder, Nicolae"]
[Result "0-1"]
[WhiteElo "2085"]
[BlackElo "2300"]

1.d4 Nf6 2.c4 e6 3.Nf3 Bb4+ 4.Nbd2 d5 5.Qa4+ Nc6 6.a3 Be7 7.e3 O-O 8.Bd3 a6
9.O-O Bd7 10.Qc2 g6 11.e4 dxe4 12.Nxe4 Nxe4 13.Bxe4 f5 14.Bd3 Bf6 15.d5 Nd4
16.Nxd4 Bxd4 17.Bh6 Re8 18.dxe6 Bxe6 19.Rad1 Qf6 20.Bc1 c5 21.b4 b6 22.Be2 Rad8
23.Bf4 Bf7 24.Bc1 g5 25.Bd3 f4 26.Rfe1 h6 27.Bf1 Bh5 28.Be2 Qe5 29.Kf1 f3
30.Bxf3 Qxh2 31.Re4 Rxe4 32.Qxe4 Re8 33.bxc5 Rxe4  0-1

[Event "FIN-chT9899"]
[Site "FIN"]
[Date "1998.??.??"]
[Round "2"]
[White "Salo, Heikki"]
[Black "Kytoniemi, Jyrki"]
[Result "0-1"]
[WhiteElo "2265"]
[BlackElo "2240"]

1.d4 e6 2.Nf3 Nf6 3.c4 Bb4+ 4.Nbd2 Qe7 5.a3 Bxd2+ 6.Qxd2 d6 7.e3 Nbd7 8.Be2 e5
9.Qc2 c6 10.b3 O-O 11.O-O e4 12.Nd2 Re8 13.Re1 Nf8 14.a4 Bf5 15.Ba3 h5 16.a5 Ng6
17.Nf1 h4 18.b4 Nd7 19.Rab1 Rac8 20.Rec1 Qg5 21.Qd1 Bh3 22.g3 Nf6 23.Rb3 b6
24.Rcb1 Bf5 25.Bc1 hxg3 26.fxg3 Bh3 27.Bd2 Nh4 28.R1b2 Qg6 29.Ra2 Be6 30.Rba3 Ng4
31.Qe1 Nf3+ 32.Bxf3 exf3 33.Bc1 Bxc4 34.Rb2 Bd5 35.Rf2 Qe4 36.Bd2 Nxf2 37.Qxf2 f5
38.Rc3 b5 39.Kh1 Qg4 40.Kg1 a6 41.Kh1 g5 42.Kg1 Qh3 43.Bc1 g4 44.Nd2 Kf7
45.Qf1 Qg2+ 46.Qxg2 fxg2 47.e4 Bxe4 48.Nxe4 Rxe4 49.Be3 Ke6 50.Kxg2 Kd5 51.h4 gxh3+
52.Kxh3 Rg8 53.Bf2 f4 54.g4 Re2 55.Kg2 Rxg4+ 56.Kf3 Rxf2+ 57.Kxf2 Rg3 58.Rc1 Rb3
59.Rh1 Rxb4  0-1

[Event "FIN-ch"]
[Site "FIN"]
[Date "1998.??.??"]
[Round "3"]
[White "Kanko, Ilkka"]
[Black "Kokkila, Tero"]
[Result "0-1"]
[WhiteElo "2270"]
[BlackElo "2270"]

1.d4 Nf6 2.c4 e6 3.Nf3 Bb4+ 4.Nbd2 b6 5.e3 Bb7 6.Bd3 O-O 7.O-O d5 8.a3 Bxd2
9.Nxd2 c5 10.dxc5 bxc5 11.Qe2 Nc6 12.f4 Re8 13.b3 e5 14.cxd5 Nxd5 15.Ne4 exf4
16.Nxc5 Qe7 17.Nxb7 Qxb7 18.Qh5 Nf6 19.Qb5 Qd7 20.Bf5 Qd6 21.Rxf4 Re5 22.Qf1 Nd5
23.Rf3 g6 24.Bd3 Rh5 25.Rg3 Ne5 26.Be2 Rh4 27.Bd2 Re8 28.Qc1 Nf6 29.Bb4 Qe6
30.Qc7 Ne4 31.Rf1 Nxg3 32.hxg3 Re4 33.Qxa7 Qxb3 34.Bb5 Rd8 35.Qb6 Qxe3+ 36.Qxe3 Rxe3
37.a4 Rxg3 38.Be7 Ra8 39.Bd6 Re3 40.Rc1 Nd3 41.Rf1 Re6 42.Bc7 Rc8 43.Bg3 Rc3
44.Bb8 Nc5 45.Rd1 h5 46.Ba7 Re4 47.a5 Rb4 48.Bf1 Ra4 49.Bb6 Ne6 50.Rb1 Rca3
51.Rc1 Rxa5 52.Rc8+ Kg7 53.Bc4 Ra8 54.Bxe6 fxe6 55.Bd4+ Kh6 56.Rc7 Rd3 57.Bf6 g5  0-1

[Event "Oberliga Sued W9798"]
[Site "GER"]
[Date "1998.??.??"]
[Round "?"]
[White "Fassnacht, Peter"]
[Black "Esswein, Karlheinz"]
[Result "1-0"]
[WhiteElo "2180"]
[BlackElo "2160"]

1.d4 Nf6 2.c4 e6 3.Nf3 Bb4+ 4.Nbd2 d5 5.g3 O-O 6.Bg2 dxc4 7.Qc2 Nc6 8.Qxc4 Ne4
9.Qd3 Nxd2 10.Bxd2 Bxd2+ 11.Qxd2 Qf6 12.Rd1 Rd8 13.Qc3 Qe7 14.a3 a5 15.O-O Bd7
16.e4 Be8 17.d5 exd5 18.exd5 Nb8 19.Rfe1 Qd6 20.Nd2 Nd7 21.Ne4 Qb6 22.Rd2 Nf8
23.h4 h6 24.Kh2 Bb5 25.f4 Re8 26.Rc1 Rac8 27.Qc2 Bd7 28.Nc5 Bg4 29.Qc3 Nd7
30.b4 axb4 31.axb4 Nf6 32.Qc4 Bf5 33.Bf3 Re3 34.Rf1 Rce8 35.Rff2 Ng4+ 36.Bxg4 Bxg4
37.f5 h5 38.f6 g6 39.Qf4 Kh7 40.Rd4 Re1 41.Kg2 Bf5 42.d6 cxd6 43.Qxd6 Qb5
44.Qd5 Kg8 45.Qxb7 Qxb7+ 46.Nxb7 Be4+ 47.Rxe4 R8xe4 48.Nc5 R4e2 49.Rxe2 Rxe2+
50.Kf3 Rb2 51.Nd3 Rb1 52.Ke4 Kf8 53.Kd5 Rd1 54.Kc4 Ke8 55.b5 Kd7 56.b6 Kd6
57.Nb4 Rf1 58.Kb5 Rb1 59.Kc4 Re1 60.b7 Kc7 61.Kc5 Kxb7 62.Nd3 Re2 63.Kd5 Rd2
64.Ke4 Rc2 65.Ne5 Rc7 66.Kd5 Kc8 67.Nxf7 Kd7 68.Ne5+ Ke8 69.Ke6 Kf8 70.Nxg6+ Kg8
71.Nf4 Rc6+ 72.Ke7 Rc7+ 73.Ke6 Rh7 74.Kf5 Kf7 75.Kg5 Rh8 76.Nxh5 Rg8+ 77.Kf5 Ra8
78.g4 Ra5+ 79.Kf4 Ra4+ 80.Kg5 Ra5+ 81.Kh6 Ra8 82.Nf4 Kxf6 83.Nd5+  1-0

[Event "Oberliga Ost B9798"]
[Site "Germany"]
[Date "1998.??.??"]
[Round "?.1"]
[White "Duncker, Joachim"]
[Black "Brueggemann, Joachim"]
[Result "1-0"]
[WhiteElo "2265"]
[BlackElo "2310"]

1.d4 Nf6 2.Nf3 e6 3.c4 Bb4+ 4.Nbd2 d6 5.g3 Nbd7 6.Bg2 e5 7.O-O Bxd2 8.Qxd2 O-O
9.dxe5 dxe5 10.Rd1 Qe7 11.Qc2 Re8 12.b3 e4 13.Nd4 a6 14.Qc3 Ne5 15.h3 h6
16.Bb2 Qc5 17.Nc2 Ng6 18.Rd5 Qe7 19.Ne3 c6 20.Rd2 Qc5 21.Rad1 Qh5 22.Rd6 Re5
23.Rd8+ Kh7 24.Qc2 Bxh3 25.Rxa8 Bxg2 26.Kxg2 Rg5 27.Bxf6 gxf6 28.Qxe4 Qxe2
29.Rd4 Qb2 30.Qe8 Ne5 31.Qh8+ Kg6 32.Rg8+  1-0

[Event "Oberliga Nord O9798"]
[Site "Germany"]
[Date "1998.??.??"]
[Round "?"]
[White "Brameyer, Hermann"]
[Black "Jacobs, Joachim"]
[Result "1-0"]
[WhiteElo "2275"]
[BlackElo "2205"]

1.d4 Nf6 2.Nf3 e6 3.c4 Bb4+ 4.Nbd2 d5 5.Qa4+ Nc6 6.a3 Be7 7.e3 O-O 8.Be2 Re8
9.b4 dxc4 10.Bxc4 Nd5 11.Qc2 Bf8 12.Bb2 Nce7 13.O-O Ng6 14.Rfd1 Bd7 15.Rac1 Nb6
16.Bb3 Bc6 17.Ne4 a5 18.Bc3 Nd5 19.Ned2 axb4 20.axb4 Nxb4 21.Qb1 Nd5 22.Ba1 Nb6
23.e4 Ba4 24.Qc2 Ba3 25.Rb1 Bxb3 26.Rxb3 Bd6 27.e5 Bf8 28.Ne4 h6 29.g3 Ne7
30.Nh4 Ra7 31.Bb2 Nbd5 32.Qe2 b6 33.Qg4 Kh8 34.Rf3 Ra2 35.Bc1 Nf5 36.Nxf5 exf5
37.Qxf5 Re7 38.g4 Qd7 39.Qxd7 Rxd7 40.e6 Re7  1-0

[Event "BL2-W9798"]
[Site "Germany"]
[Date "1998.??.??"]
[Round "?.4"]
[White "Lytchak, Alexander"]
[Black "Seul, Georg"]
[Result "1/2-1/2"]
[WhiteElo "2390"]
[BlackElo "2425"]

1.d4 Nf6 2.c4 e6 3.Nf3 Bb4+ 4.Nbd2 d5 5.Qa4+ Nc6 6.e3 O-O 7.a3 Bxd2+ 8.Bxd2 Ne4
9.Rd1 Bd7 10.Qc2 Be8 11.Be2 f6 12.O-O Bh5 13.b4 Ne7 14.b5 Nxd2 15.Rxd2 Qd6
16.a4 Rac8 17.c5 Qd7 18.Qc3 Kh8  1/2-1/2

[Event "Helsinki-ch"]
[Site "Helsinki"]
[Date "1998.??.??"]
[Round "5"]
[White "Kanko, Ilkka"]
[Black "Kytoniemi, Jyrki"]
[Result "0-1"]
[WhiteElo "2270"]
[BlackElo "2240"]

1.d4 e6 2.Nf3 Nf6 3.c4 Bb4+ 4.Nbd2 Qe7 5.e3 b6 6.Bd3 Bb7 7.O-O Bxd2 8.Nxd2 d6
9.b3 c5 10.Bb2 Nc6 11.a3 Qc7 12.f4 Ne7 13.Qc2 Qc6 14.Nf3 h6 15.Rae1 Ne4 16.dxc5 bxc5
17.Bxg7 Rg8 18.Bb2 f5 19.b4 Rg6 20.Re2 Ng8 21.Bxe4 Qxe4 22.bxc5 dxc5 23.Qxe4 Bxe4
24.Ne5 Rg7 25.Rd1 Rb7 26.Rd6 Ke7 27.Red2 Nf6 28.Ra6 Nd7 29.Rdd6 Nb6 30.Rd2 Rd8
31.Rxd8 Kxd8 32.Bc3 Kc8 33.Ra5 Rc7 34.Rb5 Na4 35.Ba5 a6 36.Bxc7 axb5 37.Ba5 bxc4
38.Nxc4 Kd7 39.Kf2 Bd5 40.Ne5+ Ke7 41.g4 fxg4 42.Nxg4 h5 43.Ne5 Nb2 44.Bc3 Nd1+
45.Kg3 Nxc3 46.Kh4 Nd1 47.Kxh5 Nxe3 48.Kg5 Be4 49.h4 c4 50.f5 Bxf5 51.Kf4 Nd5+
52.Kf3 c3  0-1

[Event "Hessenliga9798"]
[Site "Hessen"]
[Date "1998.??.??"]
[Round "?.5"]
[White "Rilling, Ulrich Sr"]
[Black "Damsch, Ingo"]
[Result "0-1"]
[WhiteElo "2130"]
[BlackElo "2090"]

1.d4 Nf6 2.Nf3 e6 3.c4 Bb4+ 4.Nbd2 Ne4 5.Qc2 f5 6.e3 O-O 7.a3 Bxd2+ 8.Nxd2 d5
9.Nf3 Nd7 10.Bd3 c6 11.b4 Rf6 12.Bb2 Rh6 13.O-O-O a5 14.b5 dxc4 15.Bxe4 fxe4
16.Qxe4 Nf6 17.Qc2 cxb5 18.Ne5 Qe8 19.g4 Nd5 20.e4 Nb6 21.h4 Rf6 22.Kb1 Bd7
23.Bc1 b4 24.Nxd7 Qxd7 25.f4 Qb5 26.e5 Rff8 27.f5 b3 28.Qd2 Nd5 29.Bb2 exf5
30.gxf5 Rxf5 31.Rhg1 Qc6 32.Rg3 Rf7 33.Re1 Qe6 34.Bc3 b6 35.Ka1 Raf8 36.Qg2 Nxc3
37.Rxc3 Qe7 38.Qd2 Qxa3+ 39.Kb1 Rf2 40.Re2 Rf1+ 41.Rc1 Rxc1+ 42.Qxc1 Qxc1+
43.Kxc1 c3 44.Re1 a4 45.Re3 Rc8 46.d5 a3 47.e6 a2  0-1